[Event "Kiev Spring op"]
[Site "Kiev"]
[Date "2023.03.26"]
[Round "2"]
[White "Pshenichniy, Vladimir"]
[Black "Shykyravyi, Denys"]
[Result "1/2-1/2"]
[WhiteElo "1994"]
[BlackElo "1467"]
[PlyCount "140"]
[EventDate "2023.03.25"]
[EventType "swiss"]
[EventRounds "9"]
[EventCountry "UKR"]
[SourceTitle "EXT 2024"]
[Source "ChessBase"]
[SourceDate "2023.10.10"]
[SourceVersion "1"]
[SourceVersionDate "2023.10.10"]
[SourceQuality "1"]

1. d4 Nf6 2. Nf3 g6 3. c4 c5 4. d5 b5 5. cxb5 a6 6. e3 d6 7. Nc3 Bg7 8. Be2 0-0 9. 0-0 Nbd7 10. a4 axb5 11. Bxb5 Ba6 12. Qd3 Bxb5 13. Nxb5 Nb6 14. Nc3 Nfd7 15. a5 c4 16. Qd1 Nc5 17. Ra3 Nbd7 18. Nd4 Ne5 19. f4 Ned3 20. Nc6 Qd7 21. Qc2 Nxc1 22. Rxc1 Qb7 23. Na4 Nd3 24. Rb1 Qb5 25. Nb6 Qc5 26. Rxd3 cxd3 27. Qxc5 dxc5 28. Nxa8 Rxa8 29. Nxe7+ Kf8 30. Nc6 c4 31. Kf2 Bxb2 32. Ne5 Bxe5 33. fxe5 c3 34. Ra1 c2 35. Ke1 Rxa5 36. Rc1 Rxd5 37. Kd2 Ke7 38. Rf1 Ke6 39. Rf6+ Kxe5 40. Rxf7 g5 41. Rc7 Kd6 42. Rc3 h5 43. h3 h4 44. Ra3 Ke5 45. Rc3 Kd6 46. Ra3 Kc5 47. Rc3+ Kb4 48. Rc8 Rd7 49. e4 Kb5 50. Rc3 Kb6 51. Rb3+ Ka7 52. Ra3+ Kb6 53. Rb3+ Kc5 54. Rc3+ Kb4 55. Rc8 Kb5 56. Rc3 Rd4 57. e5 Rc4 58. Rxc4 Kxc4 59. e6 Kb3 60. e7 Kb2 61. Kxd3 c1Q 62. e8Q Qc2+ 63. Ke3 Qxg2 64. Qb5+ Kc1 65. Qc4+ Qc2 66. Qxc2+ Kxc2 67. Ke4 Kc3 68. Kf5 Kd4 69. Kxg5 Ke5 70. Kxh4 Kf6 1/2-1/2